| 000 | 00690nam a2200169 i 4500 | ||
|---|---|---|---|
| 001 | 186481 | ||
| 003 | ES-MaACL | ||
| 005 | 20230906222658.0 | ||
| 007 | t| | ||
| 008 | 161117s1920 sp ||||1| spa d | ||
| 110 | 2 |
_aCírculo de la Unión Mercantil e Industrial (Madrid) _92827 |
|
| 245 | 1 | 0 |
_aMemoria presentada por la Junta de Gobierno a la General ordinaria de señores socios el día 13 de marzo de 1920 / _cCírculo de la Unión Mercantil e Industrial de Madrid. |
| 260 |
_aMadrid : _b[s.n.], _c1920 ( _fTip. Lit. de Angel Alcoy) |
||
| 300 |
_a65 p. ; _c27 cm. |
||
| 610 | 2 | 4 |
_aCírculo de la Unión Mercantil e Industrial (Madrid)- _vMemorias. _9150706 |
| 852 |
_aES-MaACL _j1585-F-14 |
||
| 999 |
_c186481 _d186481 |
||